Top 25 safest countries - Statistics

General Stats
  • This quiz has been taken 559 times
    453 since last reset
  • The average score is 18 of 25
Answer Stats
Hint Answer % Correct
1 Iceland
95%
12 finland
94%
11 Norway
92%
6 Canada
89%
5 Denmark
88%
9 Japan
88%
2 New zealand
84%
10 Switzerland
83%
13 Australia
82%
19 Ireland
82%
3 Austria
81%
18 germany
79%
16 South korea
75%
20 netherlands
73%
4 Portugal
73%
23 Poland
68%
7 singapore
68%
8 Czechia
65%
15 Estonia
60%
22 qatar
56%
14 UAE
56%
17 Kuwait
40%
24 Oman
40%
21 Malaysia
37%
25 maldives
24%
No matching quizzes found
Score Distribution
Percent of People with Each Score
Percentile by Number Answered
Your Score History
You have not taken this quiz since the last reset